|
|
|
|
| LEADER |
00000ngm a22000007i 4500 |
| 001 |
IT\ICCU\UBO\1809913 |
| 003 |
ItRI |
| 005 |
20260124182906.0 |
| 008 |
020826s2000 it |||||||||||||||k|||||c |
| 028 |
4 |
2 |
|a EMKV04035P
|
| 040 |
|
|
|b ita
|
| 041 |
|
7 |
|a ita
|2 ISO-639-2
|
| 245 |
0 |
0 |
|a Benjamin smoke /
|c regia di Jem Cohen, Peter Sillen.
|
| 260 |
|
|
|a Italia :
|b E.mik,
|c 2000
|
| 300 |
|
|
|a 1 videocassetta (VHS) (ca. 72 min.) :
|b b/n, color. (PAL), son
|
| 500 |
|
|
|a Interpreti: Benjamin Dickerson, Tim Campion, Brian Halloran, Patti Smith
|
| 500 |
|
|
|a Vietato ai minori di 14 anni
|
| 500 |
|
|
|a Versione originale inglese sottotitolata in italiano
|
| 500 |
|
|
|a Descrizione basata sul contenitore.
|
| 700 |
1 |
|
|a Smith, Patti
|0 IT\ICCU\RAVV\027518
|
| 700 |
1 |
|
|a Cohen, Jem
|0 IT\ICCU\UBOV\682709
|
| 700 |
1 |
|
|a Sillen, Peter
|0 IT\ICCU\UBOV\682710
|
| 700 |
1 |
|
|a Dickerson, Benjamin
|0 IT\ICCU\UBOV\682711
|
| 700 |
1 |
|
|a Campion, Tim
|0 IT\ICCU\UBOV\682712
|
| 700 |
1 |
|
|a Halloran, Brian
|0 IT\ICCU\UBOV\682714
|
| 790 |
1 |
|
|a Smith, Patricia Lee
|3 IT\ICCU\CFIV\246317
|z Smith, Patti
|
| 790 |
1 |
|
|a Smith, Patty
|3 IT\ICCU\SBNV\093687
|z Smith, Patti
|
| 790 |
1 |
|
|a Smith, Pattie
|3 IT\ICCU\SBNV\093688
|z Smith, Patti
|
| 830 |
|
0 |
|a Lifestyle
|0 IT\ICCU\UBO\1428359
|
| 942 |
|
|
|2 ddc
|c VM
|n 0
|
| 952 |
|
|
|0 0
|1 0
|4 0
|6 VO_732_000000000000000
|7 0
|9 27655
|a BO
|b BO
|d 2026-01-24
|i 6848
|l 0
|o VO 732
|p BO6848
|r 2026-01-24 18:29:06
|w 2026-01-24
|x [Sebina 5] [1 videocassetta]
|y VM
|z 1 videocassetta
|
| 999 |
|
|
|c 23439
|d 23439
|